<The> Impact of Productivity on the Efficiency of Slovak Economy
Na minha lista:
| Autor principal: | |
|---|---|
| Outros Autores: | |
| Formato: | Capítulo de Livro |
| Idioma: | inglês |
| Assuntos: | |
| Tags: |
Sem tags, seja o primeiro a adicionar uma tag!
|
MARC
| LEADER | 00000nla a2200000 4500 | ||
|---|---|---|---|
| 001 | 0240625 | ||
| 005 | 20240502073920.7 | ||
| 041 | 0 | |a eng | |
| 044 | |a SK | ||
| 245 | 1 | 0 | |a <The> Impact of Productivity on the Efficiency of Slovak Economy |c Anna Rozkošová, Silvia Megyesiová |
| 500 | |a Abstrakt | ||
| 610 | 2 | 0 | |a produktivita |
| 610 | 2 | 0 | |a efektívnosť |
| 610 | 2 | 0 | |a ukazovatele |
| 610 | 2 | 0 | |a makroekonomika |
| 100 | 1 | |a Rozkošová, Anna | |
| 700 | 1 | |a Megyesiová, Silvia, 1969- | |